Tiang Seri Tadbir : PTD 50 Tahun Gemilang Bersama Malaysia

Bibliographic Details
Main Authors: Khadijah Md. Khalid (Author), Shakila Yacob (Author), Sharifah Mariam Syed Mohammed (Author)
Format: Book
Language:Malay
Published: Putrajaya : Jabatan Perkhidmatan Awam 2007
Subjects:

MARC

LEADER 00000cam a2200000 7i4500
001 0000027490
005 20170417.0
008 170324 my a may
020 |a 9789839187144 
040 |a INS   |b eng   |e rda 
090 0 0 |a JZ1755   |b K53 2007 
100 0 |a Khadijah Md. Khalid   |f Dr. ,   |e author 
245 1 0 |a Tiang Seri Tadbir :   |b PTD 50 Tahun Gemilang Bersama Malaysia   |c Dr. Khadijah Md. Khalid, Prof. Dr. Shakila Yacob, Dr. Sharifah Mariam Syed Mohammed Alhabshi 
264 1 |a Putrajaya :   |b Jabatan Perkhidmatan Awam   |c 2007 
300 |a xvi, 158 pages :   |b muka surat berwarna, gambar berwarna, ilustrasi berwarna ;   |c 28 cm. 
336 |a text  |2 rdacontent 
337 |a unmediated  |2 rdamedia 
338 |a volume  |2 rdacarrier 
504 |a Rujukan Bibliografi (p. 148-158) 
650 0 |a Ambassadors   |z Malaysia 
650 0 |a Diplomatic and consular service , Malaysian 
650 0 |a Diplomats   |z Malaysia 
700 0 |a Shakila Yacob   |f Prof. Dr. ,   |e author 
700 0 |a Sharifah Mariam Syed Mohammed   |f Dr. ,   |e author 
999 |a 0000024323   |b BOOK   |c Open Shelf   |e Default branch